|
|
|
|
| LEADER |
00958cam a2200265 7i4500 |
| 001 |
0000010521 |
| 005 |
20170218090000.0 |
| 020 |
|
|
|a 9780073136523 ( Kit - pbk.)
|
| 020 |
|
|
|a 00713136522 ( Kit - pbk.)
|
| 020 |
|
|
|a 97800731336486 ( hbk.)
|
| 020 |
|
|
|a 0073136484 ( hbk.)
|
| 050 |
0 |
0 |
|a HF5636 PHI 2008
|
| 090 |
0 |
0 |
|a HF5636
|b .P45 2008
|
| 100 |
1 |
|
|a Phillips, Fred
|
| 245 |
1 |
0 |
|a Fundamentals of financial accounting
|c Fred Philips, Robert Libby, Patricia A.Libby.
|
| 250 |
|
|
|a 2nd ed.
|
| 260 |
|
|
|a New York, NY.:
|b McGraw-Hill/Irwin,
|c 2008.
|
| 300 |
|
|
|a xxxii, 638 p.:
|b col. ill.;
|c 29 cm.
|
| 501 |
|
|
|a With KIT : Landry's redefining entertainment : golden ticket to food and fun!
|
| 650 |
0 |
0 |
|a Accounting
|
| 700 |
1 |
|
|a Libby, Patricia A
|
| 700 |
1 |
|
|a Libby, Robert
|
| 997 |
|
|
|a Business & Accountancy, Faculty
|
| 999 |
|
|
|a 0000032025
|b BOK
|c OPEN SHELF
|e 1st Floor, Shah Alam
|
| 999 |
|
|
|a KIT0000068
|b KIT
|c OPEN SHELF
|e Circulation Counter, Shah Alam
|